000 00336nam a2200133Ia 4500
008 240624s9999 xx 000 0 und d
041 _aeng
082 _a650.13 MCL
100 _aMCLNTOSH PERRY
245 _aINCREASE YOUR INFLUENCE AT WORK
260 _c2011
_aNew York
_bAMACOM
300 _avi, : 104 : p. : cm. ; 22
365 _c
_b28
999 _c22049
_d22049